100 Most Popular Boys' Names in Canada for 2016 - Statistics

General Stats
  • This quiz has been taken 1,457 times
  • The average score is 42 of 98
Answer Stats
Name % Correct
John
84%
James
80%
William
80%
Jack
79%
David
77%
Michael
77%
Thomas
77%
Daniel
76%
Alex
74%
Matthew
74%
Oliver
70%
Benjamin
69%
Jacob
69%
Liam
69%
Lucas
69%
Andrew
68%
Henry
68%
Joseph
66%
Samuel
66%
Christopher
65%
Ryan
65%
Noah
64%
Ethan
63%
Luke
63%
Alexander
62%
Joshua
62%
Adam
61%
Nathan
61%
Jackson
59%
Zachary
58%
Nicholas
56%
Anthony
54%
Jason
54%
Leo
54%
Tyler
53%
Charlie
52%
Isaac
50%
Jonathan
50%
Dylan
49%
Jordan
49%
Elijah
48%
Aaron
47%
Mason
47%
Logan
46%
Christian
45%
Owen
45%
Evan
44%
Ian
44%
Max
44%
Aiden
43%
Jayden
43%
Connor
42%
Gabriel
38%
Cameron
37%
Harrison
37%
Carter
36%
Xavier
36%
Caleb
35%
Julian
35%
Sebastian
34%
Hunter
32%
Cole
31%
Jeremiah
30%
Levi
30%
Austin
29%
Damian
29%
Cooper
28%
Adrian
27%
Caden
27%
Isaiah
27%
Miles
26%
Muhammad
25%
Brayden
24%
Grayson
24%
Carson
23%
Chase
22%
Dominic
22%
Nolan
22%
Wyatt
22%
Colton
21%
Elias
21%
Kai
21%
Asher
20%
Gavin
20%
Josiah
20%
Tristan
20%
Hudson
19%
Landon
19%
Lincoln
18%
Ezra
17%
Mateo
16%
Declan
15%
Zane
15%
Jayce
12%
Easton
9%
Eliot
9%
Camden
8%
Bryson
6%
No matching quizzes found
Score Distribution
Percent of People with Each Score
Percentile by Number Answered
Your Score History
You have not taken this quiz